Państwa z największą liczbą zgonów na malarię - Statystyki

Ogólne statystyki
  • Ten quiz został rozwiązany 12 razy
  • Średni wynik to 15 z 20
Statystyki odpowiedzi
Śmierci Państwo % Poprawnych
82 511 Demokratyczna Republika Konga
100%
1 443 Indonezja
100%
17 435 Niger
100%
199 689 Nigeria
100%
12 415 Czad
90%
7 341 Indie
90%
97 Filipiny
80%
14 841 Kamerun
80%
454 Pakistan
80%
15 989 Angola
70%
77 Mjanma
70%
23 766 Mozambik
70%
15 913 Wybrzeże Kości Słoniowej
70%
19 979 Burkina Faso
60%
25 972 Tanzania
60%
203 Wenezuela
60%
110 Afganistan
50%
1 979 Jemen
50%
2 962 Papua-Nowa Gwinea
40%
97 Haiti
30%
Nie znaleziono quizów pasujących do podanych kryteriów
Rozkład punktacji
Procent ludzi z każdym wynikiem
Percentyl według liczby udzielonych odpowiedzi
Twoja historia wyników
Nie rozwiązałeś tego quizu